000
00213 a2200097 4500
001
14500
100
_a
Rivers, E
245
_a
Out of Bondage Israel
260
_a
London
_b
Peter Owen Ltd.
_c
090
_c
11330
_d
11330
942
_a
NUST-CAE
_c
M
_c
1482
999
_c
249573
_d
249573